Le Suriname pour les touristes... - Statistiques

Statistiques générales
  • Ce quiz a été pris 3 fois
  • Le résultat moyen est 10 sur 20
Statistiques - réponses
Question Indice Réponses % Correct
Combien d'heures (environ) mettrez-vous pour vous y rendre ? (en chiffres) 10
100%
Dans la capitale quel est le décalage horaire avec Paris ? (+ ou - et chiffre) ex - 10 - 5
100%
La vitesse est limitée hors des villes à {90} km/h
100%
La conduite se fait à droite ou à gauche ? Gauche
100%
Avez-vous besoin d'un visa ? (oui/non) Non
100%
Quelles sont les langues officielles ? Anglais
67%
Quelles sont les langues officielles ? Créole
67%
Quel est le climat local ? E Equatorial
67%
Quelles sont les langues officielles ? Néerlandais
67%
Le principal aéroport est P Paramaribo
67%
Le suffixe internet est sr
67%
Achats à faire 2/ Objets en Bois
33%
La religion majoritaire est Protestantisme
33%
Comment se nomme la principale compagnie aérienne locale S A Surinam Airways
33%
Quelle est la monnaie ? Dollar surinamien
0%
Quelles sont les principaux lieux touristiques ? K Mont {Kasikasima}
0%
Quelles sont les principaux lieux touristiques ? B Parc national de {Brownsberg}
0%
Achats à faire 1/ Oeuvre d'art Peinture
0%
Quelles sont les principaux lieux touristiques ? G Réserve de {Galibi}
0%
Quelles sont les principaux lieux touristiques ? P Village de {Palumeu}
0%
Aucun quiz correspondant
Distribution des résultats
% des personnes avec chaque résultat
Percentile par nombre de réponses
Votre historique - résultats
Vous n’avez pas pris ce quiz